| 000 | 00555nam a2200205 a 4500 | ||
|---|---|---|---|
| 001 | 19359 | ||
| 003 | CO-ViMGA | ||
| 008 | 141112s2004 ck r 000 u spa d | ||
| 020 | _a8475101437 | ||
| 040 |
_aCO-ViMGA _bspa _cCO-ViMGA |
||
| 082 | 0 | 4 | _aGOSb |
| 100 | 1 |
_aGoscinny, Rene _927807 |
|
| 245 | 1 | 0 | _aAsterix en Belgica |
| 260 |
_aBarcelona : _bGrijalbo / Dargaud; 1996 |
||
| 300 | _a48 p. | ||
| 490 | _aUna aventura de Asterix | ||
| 650 | 1 | 4 |
_aCUENTOS INFANTILES DE AVENTURAS _927808 |
| 650 | 1 | 4 |
_aTIRAS COMICAS - HISTORIETAS _927809 |
| 942 |
_2ddc _cBK |
||
| 999 |
_c28516 _d28516 |
||